000 01169nam a2200289Ia 4500
001 ebr10196398
003 CaPaEBR
006 m u
007 cr cn|||||||||
008 000815s2007 enk s 000 0 eng d
020 _z9781846635786
040 _aCaPaEBR
_cCaPaEBR
035 _a(OCoLC)182541221
050 1 4 _aQ310
_b.B44 2007eb
245 0 4 _aThe beginning of a new epistemology
_h[electronic resource] :
_bin memoriam, Gregory Bateson, 1904-1980 /
_cguest editors: Monika Silvia Broecker and Georg Ivanovas.
260 _aBradford, England :
_bEmerald Group Publishing,
_cc2007.
300 _a303 p.
490 0 _aKybernetes ;
_v36, no. 7/8
533 _aElectronic reproduction.
_bPalo Alto, Calif. :
_cebrary,
_d2009.
_nAvailable via World Wide Web.
_nAccess may be limited to ebrary affiliated libraries.
650 0 _aCybernetics.
650 0 _aSystems engineering.
655 7 _aElectronic books.
_2local
700 1 _aBroecker, Monika Silvia.
700 1 _aIvanovas, Georg.
710 2 _aebrary, Inc.
856 4 0 _uhttp://site.ebrary.com/lib/rucke/Doc?id=10196398
_zAn electronic book accessible through the World Wide Web; click to view
999 _c115534
_d115534